| 000 | 00810nam a22001937a 4500 | ||
|---|---|---|---|
| 999 |
_c9143 _d9143 |
||
| 003 | AR-CdUCM | ||
| 008 | 190327b ||||| |||| 00| 0 spa d | ||
| 040 |
_aMUNICIPALIDAD PROVINCIAL DEL CUSCO _cBIBLIOTECA MUNICIPAL DEL CUSCO |
||
| 082 |
_a580.5 / _bG62 |
||
| 110 |
_aGerencia regional de recursos naturales y gestión del medio ambiente _925176 |
||
| 245 | _aBioprospeccion del banco de especies ornamental en el corredor vial interoceanico sur | ||
| 260 |
_aCusco : _bGobierno regional Cusco, _c2009 |
||
| 300 |
_a68 paginas : _bIlustraciones, _c20 cm. |
||
| 505 | _aContenido :Bioprospeccion del banco de especies ornamental en el corredor vial interoceanico sur / | ||
| 650 |
_aRutas de prospección biológicas _925177 |
||
| 650 |
_aEspecies ornamentales _925178 |
||
| 942 |
_2ddc _cLIBROS |
||
| 945 | _arjall | ||